Statistiques concernant 10 capitales les plus proches de Lima

Cliquez ici pour prendre le quiz!

Statistiques générales

  • Ce quiz a été pris 77 fois
  • Le résultat moyen est 8 sur 10

Statistiques - réponses

kmCapitales% Correct
1876Bogotá
92%
1323Quito
89%
2739Caracas
85%
2460Santiago
85%
1076La Paz
83%
2504Asunción
76%
2347Panama
76%
2030Sucre
63%
2559San José
61%
2866Managua
54%

Distribution des résultats

Percentile par nombre de réponses

% des personnes avec chaque résultat

Votre développement - résultats

Vous n’avez pas pris ce quiz